Report. (Record no. 63022)

MARC details
000 -LEADER
fixed length control field 00750cam a22002291 4500
001 - CONTROL NUMBER
control field sa 65003179
003 - CONTROL NUMBER IDENTIFIER
control field DLC
005 - DATE AND TIME OF LATEST TRANSACTION
control field 20260227112121.0
008 - FIXED-LENGTH DATA ELEMENTS--GENERAL INFORMATION
fixed length control field 810924m19641969ii a 100 0 eng
010 ## - LIBRARY OF CONGRESS CONTROL NUMBER
LC control number sa 65003179
035 ## - SYSTEM CONTROL NUMBER
System control number (OCoLC)7787006
040 ## - CATALOGING SOURCE
Original cataloging agency DLC
Transcribing agency NcGrE
Modifying agency NcGrE
-- DLC
042 ## - AUTHENTICATION CODE
Authentication code premarc
043 ## - GEOGRAPHIC AREA CODE
Geographic area code a-ii---
050 00 - LIBRARY OF CONGRESS CALL NUMBER
Classification number HD7051
Item number .A58
110 1# - MAIN ENTRY--CORPORATE NAME
Corporate name or jurisdiction name as entry element India.
Subordinate unit Committee on Distribution of Income and Levels of Living.
245 00 - TITLE STATEMENT
Title Report.
260 ## - PUBLICATION, DISTRIBUTION, ETC.
Place of publication, distribution, etc. [New Delhi]
Name of publisher, distributor, etc. Govt. of India, Planning Commission,
Date of publication, distribution, etc. 1964-1969.
300 ## - PHYSICAL DESCRIPTION
Extent 2 v.
Dimensions 28 cm.
505 0# - FORMATTED CONTENTS NOTE
Formatted contents note pt. 1. Distribution of income and wealth and concentration of economic power.--pt. 2. Changes in levels of living.
650 #0 - SUBJECT ADDED ENTRY--TOPICAL TERM
Topical term or geographic name entry element Cost and standard of living
Geographic subdivision India.

No items available.

Powered by Koha